• 首页
  • 本馆介绍
  • 公告通知
  • 最新文献
  • 馆藏检索
  • 电子资源
  • 读者导购
  • 参考咨询
  • 我的图书馆
  • 登录
  • 详细信息显示
  • 放入我的书架
  • 预约/预借图书
  • 作者相关作品
  • 分类相关作品
  • 丛书相关作品
  • 出版社相关作品

书目信息

  • 表格格式
  • 工作单格式
  • 卡片格式
题名:
毛泽东评点古今人物
    
 
作者: 周溯源 主编
分册: 下  
出版信息: 北京   红旗出版社  1998
页数: 527-1095页
开本: 20cm
丛书名:
单 册:
中图分类: A44
科图分类:
主题词: 毛主席诗词
电子资源:
ISBN: 7-5051-0284-2
000 00625nam0 2200205 450
001 1262142125
005 20121003172450.89
010    @a7-5051-0284-2@dCNY29.90
100    @a20121003d1998 km y0chiy0120 ea
101 0  @achi
102    @aCN@b110000
200 1  @a毛泽东评点古今人物@Amao ze dong ping dian gu jin ren wu@e续集@h下@f周溯源主编@Fzhou su yuan zhu bian
210    @a北京@c红旗出版社@d1998
215    @a527-1095页@d20cm
517 1  @a续集@Axu ji
606 0  @a毛主席诗词
690    @aA44@v4
701  0 @a周溯源@Azhou su yuan@4主编
801  0 @aCN@b大连网信软件有限公司图书馆·11@c20121003
905    @a10447@dA44@eJY15:1
    
    毛泽东评点古今人物:续集.下/周溯源主编.-北京:红旗出版社,1998
    527-1095页;20cm
    
    
    ISBN 7-5051-0284-2:CNY29.90
    
●
相关链接 在E读中查询图书 在五车中查询图书 在当当中查询图书 在豆瓣中查询图书


正题名:毛泽东评点古今人物     索取号:A44/JY15:1         预约/预借

序号 登录号 条形码 馆藏地/架位号 状态 备注
1 7800369   278003697   学院路分馆/ [索取号:A44/JY15:1] 在馆    
2 7800370   278003704   学院路分馆/ [索取号:A44/JY15:1] 在馆    
3 7800371   278003713   学院路分馆/ [索取号:A44/JY15:1] 在馆    
唐山师范学院图书馆 欢迎您!
大连网信软件有限公司© 版权所有